000 00349nam a2200133 i 4500
001 bg
100 1 _aKISIELOW, Włodzimierz
245 0 _aChemia i technologia chemiczna ropy naftowej w Polsce /
_cWłodzimierz Kisielow.
260 _aGliwice,
_c1992.
040 _cBPK
041 _apol
942 _cKS
008 s pl f |000 0 pol
999 _c29598
_d29598
856 _uhttp://koha.tu.koszalin.pl/cgi-bin/koha/opac-detail.pl?biblionumber=29598
_yKatalog online BPK